Flags of dependent states - Statistics

General Stats
  • This quiz has been taken 48 times
  • The average score is 27 of 32
Answer Stats
Picture Hint Answer % Correct
Denmark Greenland
95%
China Macau
95%
United States Puerto Rico
95%
Australia Christmas Island
92%
United States Guam
92%
China Hong Kong
92%
New Zealand Cook Islands
89%
United Kingdom Gibraltar
89%
United Kingdom Isle of Man
89%
United Kingdom Jersey
89%
Finland Åland Islands
86%
Netherlands Aruba
86%
United Kingdom Bermuda
86%
Denmark Faroe Islands
86%
France French Polynesia
86%
United Kingdom Guernsey
86%
France New Caledonia
86%
United Kingdom British Virgin Islands
84%
New Zealand Niue
84%
United States US Virgin Islands
84%
United States American Samoa
81%
United Kingdom British Indian Ocean Territory
81%
Australia Norfolk Island
81%
United Kingdom Falkland Islands
78%
United Kingdom Montserrat
78%
United States Northern Mariana Islands
78%
New Zealand Tokelau
78%
United Kingdom Pitcairn Islands
76%
Netherlands Sint Maarten
76%
United Kingdom Turks and Caicos Islands
76%
France St Pierre and Miquelon
70%
France Saint Barthélemy
65%
No matching quizzes found
Score Distribution
Percent of People with Each Score
Percentile by Number Answered
Your Score History
You have not taken this quiz